[Event "Alberta op"]
[Site "Calgary CAN"]
[Date "2010.10.09"]
[Round "1.3"]
[White "Flemming, James"]
[Black "MacKinnon, Keith"]
[Result "0-1"]
[WhiteElo "1854"]
[BlackElo "2318"]
[PlyCount "82"]
[EventDate "2010.10.09"]
[EventType "swiss"]
[EventRounds "6"]
[EventCountry "CAN"]

1. d4 Nf6 2. c4 c5 3. d5 b5 4. cxb5 a6 5. bxa6 d6 6. e4 g6 7. Nc3 Bxa6 8. Bxa6
Nxa6 9. Nf3 Bg7 10. O-O O-O 11. Re1 Nd7 12. Bf4 Qc7 13. Qe2 Rfb8 14. Nb5 Qb7
15. a4 Nb4 16. Red1 Nb6 17. Nc3 Qa6 18. Qxa6 Rxa6 19. e5 Nc4 20. exd6 exd6 21.
Rab1 Nxb2 22. Rxb2 Bxc3 23. Rb3 Bf6 24. Nd2 Re8 25. Kf1 Nxd5 26. Bg3 Nc3 27.
Re1 Rxe1+ 28. Kxe1 Rxa4 29. Nf3 Ra1+ 30. Kd2 Ne4+ 31. Ke3 Nxg3 32. hxg3 c4 33.
Rb8+ Kg7 34. Rc8 Ra3+ 35. Ke4 Ra5 36. Rc6 d5+ 37. Ke3 Ra3+ 38. Kd2 c3+ 39. Ke2
d4 40. Ne1 Ra2+ 41. Kf3 Rd2 0-1

[Event "Alberta op"]
[Site "Calgary CAN"]
[Date "2010.10.09"]
[Round "1.5"]
[White "Schibler, Jordan"]
[Black "Haessel, Dale"]
[Result "0-1"]
[WhiteElo "1811"]
[BlackElo "2285"]
[PlyCount "96"]
[EventDate "2010.10.09"]
[EventType "swiss"]
[EventRounds "6"]
[EventCountry "CAN"]

1. d4 Nf6 2. c4 g6 3. Nc3 d5 4. Nf3 Bg7 5. e3 O-O 6. cxd5 Nxd5 7. Bc4 Nb6 8.
Bb3 Nc6 9. O-O e5 10. Nxe5 Nxe5 11. dxe5 Bxe5 12. e4 Qe7 13. Qf3 Be6 14. Bxe6
fxe6 15. Qe2 Rad8 16. Be3 Qb4 17. Bxb6 Qxb6 18. Rad1 Rxd1 19. Nxd1 Rd8 20. b3
Rd4 21. Nb2 Qc6 22. f3 Qd6 23. Nc4 Bxh2+ 24. Kh1 Qg3 25. Qf2 Qxf2 26. Rxf2 Bg3
27. Rd2 e5 28. Kg1 b5 29. Rxd4 exd4 30. Nb2 c5 31. Kf1 Kf7 32. Ke2 Ke6 33. Nd3
Kd6 34. Nb2 Kc6 35. a4 a6 36. Kd3 Kb6 37. axb5 axb5 38. Kd2 Ka5 39. Nd3 c4 40.
bxc4 bxc4 41. Nc1 Kb4 42. Ne2 Bf2 43. e5 Be3+ 44. Kd1 d3 45. Nc1 Bxc1 46. Kxc1
Kc3 47. e6 d2+ 48. Kd1 Kd3 0-1

[Event "Alberta op"]
[Site "Calgary CAN"]
[Date "2010.10.09"]
[Round "1.6"]
[White "Robichaud, Martin"]
[Black "Milne, Arthur"]
[Result "1-0"]
[WhiteElo "2267"]
[BlackElo "1771"]
[PlyCount "41"]
[EventDate "2010.10.09"]
[EventType "swiss"]
[EventRounds "6"]
[EventCountry "CAN"]

1. e4 Nf6 2. e5 Nd5 3. Nc3 e6 4. d4 d6 5. exd6 Bxd6 6. Ne4 Be7 7. Nf3 Nd7 8. c3
N5f6 9. Bd3 Nxe4 10. Bxe4 c5 11. O-O cxd4 12. cxd4 O-O 13. Ne5 Qb6 14. Qd3 Nf6
15. Bg5 h6 16. Bh4 Rd8 17. Bh7+ Kf8 18. Rfd1 Bd7 19. Bxf6 Bxf6 20. Qa3+ Ke8 21.
Ng6 1-0

[Event "Alberta op"]
[Site "Calgary CAN"]
[Date "2010.10.09"]
[Round "1.7"]
[White "Persaud, Hemant"]
[Black "Ristovic, Nenad"]
[Result "1-0"]
[WhiteElo "1767"]
[BlackElo "2252"]
[PlyCount "167"]
[EventDate "2010.10.09"]
[EventType "swiss"]
[EventRounds "6"]
[EventCountry "CAN"]

1. e4 e6 2. d4 d5 3. Nd2 Nf6 4. e5 Nfd7 5. f4 c5 6. c3 Nc6 7. Ndf3 Qb6 8. Ne2
cxd4 9. cxd4 Bb4+ 10. Kf2 Be7 11. b3 f6 12. Be3 fxe5 13. fxe5 Nf8 14. g3 Bd7
15. Bh3 h6 16. Qd2 O-O-O 17. Rhc1 Ba3 18. Rc2 Kb8 19. Nc1 Nb4 20. Rc3 Be8 21.
Bf1 Bg6 22. Ne1 Nd7 23. Bd3 Rhf8+ 24. Kg2 Nxd3 25. Ncxd3 Be4+ 26. Kg1 Qa6 27.
Nc2 Bxd3 28. Nxa3 Bf5 29. Nc2 Bh3 30. Bf2 Rf7 31. Nb4 Qa3 32. Rac1 Nb6 33. Nd3
Qe7 34. Nf4 Bf5 35. a4 a6 36. a5 Nc8 37. Nd3 Bxd3 38. Qxd3 Qa3 39. Qc2 Na7 40.
Rc7 Rdf8 41. Rxf7 Rxf7 42. Qc3 Nc6 43. Be1 Qf8 44. Bd2 Rf3 45. Be3 g5 46. Qd2
Qa3 47. Kg2 Rf7 48. Qd3 Qxa5 49. Qg6 Qa2+ 50. Kh3 Rf3 51. Rc3 Qe2 52. Rxc6 Rxe3
53. Rc1 Rxb3 54. Qxh6 g4+ 55. Kh4 Qxh2+ 56. Kg5 Qxh6+ 57. Kxh6 Rxg3 58. Kg5 Rd3
59. Kf6 Rxd4 60. Kxe6 Re4 61. Rd1 Re3 62. Kxd5 Kc8 63. e6 Kd8 64. Rh1 Rb3 65.
Rh8+ Ke7 66. Rh7+ Kf8 67. Ke5 Rb1 68. Kd6 Rd1+ 69. Kc7 g3 70. Rf7+ Kg8 71. Rf3
Rc1+ 72. Kd7 Rd1+ 73. Ke8 Kg7 74. Rxg3+ Kf6 75. e7 Re1 76. Rf3+ Ke6 77. Kf8 Kd6
78. Rd3+ Kc5 79. Rd1 Rxd1 80. e8=Q Rd6 81. Qe5+ Kc6 82. Ke7 Rd7+ 83. Ke6 Rc7
84. Qd6+ 1-0

[Event "Alberta op"]
[Site "Calgary CAN"]
[Date "2010.10.09"]
[Round "2.2"]
[White "Daniluk, Jim"]
[Black "Gardner, Robert"]
[Result "0-1"]
[WhiteElo "2064"]
[BlackElo "2345"]
[PlyCount "64"]
[EventDate "2010.10.09"]
[EventType "swiss"]
[EventRounds "6"]
[EventCountry "CAN"]

1. d4 Nf6 2. g3 e6 3. c4 c5 4. d5 exd5 5. cxd5 d6 6. Nc3 g6 7. Bg2 Bg7 8. Nf3
O-O 9. O-O Na6 10. Nd2 Nc7 11. a4 b6 12. Nc4 Ba6 13. Qb3 Bxc4 14. Qxc4 a6 15.
Bf4 Qd7 16. e4 b5 17. Qb3 Ng4 18. Bh3 f5 19. axb5 axb5 20. Rxa8 Rxa8 21. exf5
gxf5 22. Bxg4 fxg4 23. Ne4 c4 24. Qd1 Bxb2 25. Nxd6 Rf8 26. Ne4 Nxd5 27. Bd6
Nc3 28. Qc2 Rf5 29. Nc5 Qc6 30. Re1 Rf3 31. Qxb2 Qxd6 32. Qxc3 Rxc3 0-1

[Event "Alberta op"]
[Site "Calgary CAN"]
[Date "2010.10.09"]
[Round "2.3"]
[White "MacKinnon, Keith"]
[Black "Tam, Eric"]
[Result "1-0"]
[WhiteElo "2318"]
[BlackElo "2050"]
[PlyCount "81"]
[EventDate "2010.10.09"]
[EventType "swiss"]
[EventRounds "6"]
[EventCountry "CAN"]

1. e4 e5 2. Nf3 Nc6 3. d4 exd4 4. Nxd4 Bb4+ 5. c3 Bc5 6. Be3 Bb6 7. Qg4 Nf6 8.
Qxg7 Rg8 9. Qh6 Rg6 10. Qh4 Qe7 11. Nf5 Qxe4 12. Qxe4+ Nxe4 13. Bd3 d5 14. Bxb6
axb6 15. Ne3 Rd6 16. O-O Nc5 17. Bc2 d4 18. Nc4 Re6 19. Nba3 dxc3 20. Nb5 Re7
21. Nxc3 Be6 22. Ne3 O-O-O 23. Bxh7 Nd4 24. Bb1 f5 25. f4 Kb8 26. Rd1 Red7 27.
Kf2 b5 28. b4 Na6 29. a3 b6 30. Ba2 Bxa2 31. Rxa2 c5 32. bxc5 Nxc5 33. Rb2 Nde6
34. Rxb5 Nd3+ 35. Kf1 Ka7 36. g3 Ndc5 37. Rd5 Nd4 38. Rb4 Rxd5 39. Ncxd5 Nc2
40. Nxc2 Rxd5 41. Rd4 1-0

[Event "Alberta op"]
[Site "Calgary CAN"]
[Date "2010.10.09"]
[Round "2.6"]
[White "Pedersen, Rick"]
[Black "Robichaud, Martin"]
[Result "1-0"]
[WhiteElo "1969"]
[BlackElo "2267"]
[PlyCount "69"]
[EventDate "2010.10.09"]
[EventType "swiss"]
[EventRounds "6"]
[EventCountry "CAN"]

1. e4 e6 2. d4 d5 3. e5 c5 4. c3 Qb6 5. Nf3 Bd7 6. a3 Nh6 7. b4 cxd4 8. cxd4 a5
9. b5 Nf5 10. Nc3 Be7 11. h4 Qd8 12. Bd3 g6 13. h5 O-O 14. hxg6 fxg6 15. Qc2
Be8 16. Ne2 Nd7 17. Nf4 Qb6 18. Bxf5 Rxf5 19. Qb3 Nf8 20. a4 Bb4+ 21. Kf1 Rc8
22. Qd1 Qc7 23. g4 Rf7 24. Ng5 Re7 25. Be3 Qc2 26. Qf3 Bd2 27. Bxd2 Qxd2 28.
Rd1 Qc2 29. Kg2 Rc3 30. Rd3 Rxd3 31. Nxd3 Qd2 32. Qf6 Rg7 33. Nf4 Nd7 34. Qxe6+
Rf7 35. Qxe8+ 1-0

[Event "Alberta op"]
[Site "Calgary CAN"]
[Date "2010.10.09"]
[Round "2.7"]
[White "Leblanc, Paul"]
[Black "Neven, Knut"]
[Result "0-1"]
[WhiteElo "1911"]
[BlackElo "2244"]
[PlyCount "54"]
[EventDate "2010.10.09"]
[EventType "swiss"]
[EventRounds "6"]
[EventCountry "CAN"]

1. d4 Nf6 2. c4 g6 3. g3 Bg7 4. Bg2 d5 5. Nf3 O-O 6. O-O Nc6 7. Nc3 dxc4 8. d5
Nb4 9. e4 e6 10. Qa4 a5 11. a3 Bd7 12. Qd1 Nd3 13. Ne1 Nxc1 14. Rxc1 exd5 15.
exd5 b5 16. Nc2 Rb8 17. Ne2 Ne8 18. Ncd4 Nd6 19. Qd2 b4 20. axb4 axb4 21. Ra1
Re8 22. Ra2 Qf6 23. Ra7 Nb5 24. Nxb5 Bxb5 25. Re1 Qxb2 26. Qxb2 Bxb2 27. Rxc7
Bc3 0-1

[Event "Alberta op"]
[Site "Calgary CAN"]
[Date "2010.10.09"]
[Round "2.9"]
[White "Yam, Alex"]
[Black "Wang, Yuekai"]
[Result "1-0"]
[WhiteElo "2237"]
[BlackElo "1945"]
[PlyCount "52"]
[EventDate "2010.10.09"]
[EventType "swiss"]
[EventRounds "6"]
[EventCountry "CAN"]

1. e4 c5 2. c3 Nf6 3. e5 Nd5 4. d4 cxd4 5. Nf3 Nc6 6. Bc4 Nb6 7. Bb3 e6 8. cxd4
Be7 9. Nc3 d6 10. Qe2 O-O 11. O-O Na5 12. Bc2 f6 13. exf6 Bxf6 14. h4 e5 15.
Bg5 Bxg5 16. Nxg5 h6 17. Bh7+ Kh8 18. Qh5 Qe7 19. Bc2 Bf5 20. Bxf5 Rxf5 21. Qg6
hxg5 22. Qxf5 gxh4 23. Rfe1 Nc6 24. Rad1 Rf8 25. Qh5+ Kg8 26. Ne4 Qd7 1-0

[Event "Alberta op"]
[Site "Calgary CAN"]
[Date "2010.10.10"]
[Round "3.3"]
[White "Wen, Jean-Francois"]
[Black "MacKinnon, Keith"]
[Result "1/2-1/2"]
[WhiteElo "2172"]
[BlackElo "2318"]
[PlyCount "26"]
[EventDate "2010.10.09"]
[EventType "swiss"]
[EventRounds "6"]
[EventCountry "CAN"]

1. c4 c5 2. g3 g6 3. Bg2 Bg7 4. e3 Nc6 5. Ne2 e6 6. Nbc3 Nge7 7. O-O O-O 8. d4
cxd4 9. Nxd4 d5 10. cxd5 Nxd4 11. exd4 Nxd5 12. Qb3 Bxd4 13. Bh6 Bg7 1/2-1/2

[Event "Alberta op"]
[Site "Calgary CAN"]
[Date "2010.10.10"]
[Round "3.4"]
[White "Perron, Sean"]
[Black "Haessel, Dale"]
[Result "1-0"]
[WhiteElo "2094"]
[BlackElo "2285"]
[PlyCount "61"]
[EventDate "2010.10.09"]
[EventType "swiss"]
[EventRounds "6"]
[EventCountry "CAN"]

1. e4 e5 2. Nf3 Nf6 3. Nxe5 d6 4. Nf3 Nxe4 5. Nc3 Nxc3 6. dxc3 Be7 7. Bf4 Nc6
8. Qd2 Be6 9. O-O-O Qd7 10. Kb1 a6 11. Bd3 O-O-O 12. Ng5 Bxg5 13. Bxg5 Rde8 14.
Be3 Ne5 15. Be2 Bc4 16. h3 Qc6 17. g3 Qb5 18. Bg4+ Nxg4 19. hxg4 Be2 20. Rde1
Bxg4 21. Qd4 Bf3 22. Rh4 f6 23. Rf4 Qc6 24. Qa7 Kd7 25. Qd4 Re5 26. Qd3 Be4 27.
Qd1 f5 28. Bd4 Ra5 29. Rfxe4 fxe4 30. Qg4+ Kd8 31. Bxg7 1-0

[Event "Alberta op"]
[Site "Calgary CAN"]
[Date "2010.10.10"]
[Round "3.5"]
[White "Neven, Knut"]
[Black "Ebrahim Shirazi, Behrooz"]
[Result "1-0"]
[WhiteElo "2244"]
[BlackElo "2075"]
[PlyCount "109"]
[EventDate "2010.10.09"]
[EventType "swiss"]
[EventRounds "6"]
[EventCountry "CAN"]

1. e4 e6 2. d4 d5 3. Nc3 Bb4 4. exd5 exd5 5. Bd3 Nc6 6. a3 Bxc3+ 7. bxc3 Nge7
8. Qf3 Be6 9. Ne2 Qd7 10. h3 O-O-O 11. Rb1 h5 12. Nf4 Bg4 13. Qg3 Nf5 14. Bxf5
Bxf5 15. Nd3 h4 16. Qh2 Bxd3 17. cxd3 Qf5 18. O-O Qxd3 19. Bf4 Qf5 20. Bxc7 Rd7
21. Bf4 g5 22. Be3 Rg8 23. g4 Qd3 24. Rfd1 Qe4 25. c4 f5 26. cxd5 Qxd5 27. Qg2
f4 28. Qxd5 Rxd5 29. Bc1 Re8 30. Bb2 Re2 31. Re1 Rd2 32. Red1 Re2 33. Re1 Rxe1+
34. Rxe1 Nxd4 35. Bxd4 Rxd4 36. Re5 Rd3 37. Rxg5 Rxh3 38. Rf5 Rxa3 39. g5 Ra6
40. Rxf4 Rg6 41. Rf8+ Kc7 42. f4 b5 43. Rf7+ Kb8 44. Rf5 b4 45. Rb5+ Kc7 46.
Rxb4 a5 47. Rb5 Ra6 48. f5 a4 49. g6 a3 50. Rb1 Ra4 51. Kh2 Rg4 52. Kh3 Rg5 53.
Kxh4 Rxf5 54. g7 Rf4+ 55. Kg3 1-0

[Event "Alberta op"]
[Site "Calgary CAN"]
[Date "2010.10.10"]
[Round "3.6"]
[White "Kalaydina, Regina Veronicka"]
[Black "Pivovarov, Juraj"]
[Result "1-0"]
[WhiteElo "1916"]
[BlackElo "2017"]
[PlyCount "73"]
[EventDate "2010.10.09"]
[EventType "swiss"]
[EventRounds "6"]
[EventCountry "CAN"]

1. d4 f5 2. Nf3 Nf6 3. Bg5 e6 4. Nbd2 Be7 5. e3 O-O 6. Bd3 b6 7. c3 Bb7 8. Qc2
d5 9. Bxf6 Bxf6 10. h3 c5 11. g4 c4 12. Be2 Qd6 13. g5 Be7 14. Ne5 Bxg5 15. h4
Bf6 16. f4 Bxe5 17. fxe5 Qe7 18. Nf3 Nc6 19. Kd2 b5 20. Ng5 h6 21. Nh3 Nxe5 22.
Nf4 Qf7 23. dxe5 d4 24. exd4 Bxh1 25. Rxh1 Qb7 26. Rg1 Rfe8 27. Ke3 Rad8 28.
Bf3 Qb6 29. Qg2 Re7 30. Nh5 Kh8 31. Qg6 Qc7 32. Nf6 gxf6 33. Qxh6+ Rh7 34.
Qxf6+ Rg7 35. Rxg7 Qxg7 36. Qxd8+ Kh7 37. Qg5 1-0

[Event "Alberta op"]
[Site "Calgary CAN"]
[Date "2010.10.10"]
[Round "4.2"]
[White "Yearwood, Roy"]
[Black "Pedersen, Rick"]
[Result "1/2-1/2"]
[WhiteElo "2144"]
[BlackElo "1969"]
[PlyCount "33"]
[EventDate "2010.10.09"]
[EventType "swiss"]
[EventRounds "6"]
[EventCountry "CAN"]

1. e4 d6 2. d4 Nf6 3. Nc3 g6 4. Nf3 Bg7 5. Be3 O-O 6. Qd2 Nc6 7. h3 e5 8. O-O-O
exd4 9. Nxd4 Nxd4 10. Bxd4 Re8 11. f3 Be6 12. g4 a6 13. h4 h5 14. gxh5 Nxh5 15.
Bxg7 Kxg7 16. Bh3 Bxh3 17. Rxh3 1/2-1/2

[Event "Alberta op"]
[Site "Calgary CAN"]
[Date "2010.10.10"]
[Round "4.3"]
[White "MacKinnon, Keith"]
[Black "Gardner, Robert"]
[Result "1/2-1/2"]
[WhiteElo "2318"]
[BlackElo "2345"]
[PlyCount "133"]
[EventDate "2010.10.09"]
[EventType "swiss"]
[EventRounds "6"]
[EventCountry "CAN"]

1. e4 d6 2. d4 Nf6 3. Nc3 g6 4. Be3 Bg7 5. Nf3 a6 6. Qd2 b5 7. Bh6 O-O 8. Bd3
Nc6 9. Bxg7 Kxg7 10. e5 dxe5 11. dxe5 Ng4 12. Qf4 Ncxe5 13. Be4 Qd6 14. Nxe5
Nxe5 15. O-O Rb8 16. Rad1 Qf6 17. Qg3 e6 18. Rfe1 b4 19. Na4 Rb5 20. f4 Nd7 21.
Bc6 Ra5 22. Bxd7 Bxd7 23. Rxd7 Rxa4 24. Qb3 Ra5 25. g3 Kg8 26. Rxc7 Qd4+ 27.
Kf1 Rc5 28. Rxc5 Qxc5 29. Qd3 Qa5 30. Re4 Qxa2 31. Rxb4 Qb1+ 32. Kg2 Rc8 33.
Rc4 Rxc4 34. Qxc4 Qxb2 35. Qxa6 Qxc2+ 36. Kh3 Qf5+ 37. Kg2 h5 38. Qb6 Qc2+ 39.
Kg1 Qd1+ 40. Kg2 Qd5+ 41. Kg1 Qd1+ 42. Kf2 Qd2+ 43. Kg1 h4 44. Qb8+ Kh7 45. Qc7
Qd4+ 46. Kg2 Kg7 47. gxh4 Qd2+ 48. Kg3 Qe1+ 49. Kh3 Qf2 50. Qc3+ Kh7 51. Qg3
Qf1+ 52. Kg4 Kh6 53. Qf3 f5+ 54. Kg3 Qg1+ 55. Kh3 Qe1 56. Qg2 Qc3+ 57. Qg3 Qc6
58. h5 gxh5 59. Qg5+ Kh7 60. Kh4 Qd7 61. Qxh5+ Kg7 62. Qg5+ Kh7 63. Qh5+ Kg7
64. Qg5+ Kh7 65. h3 Qd5 66. Qe7+ Kg6 67. Qe8+ 1/2-1/2

[Event "Alberta op"]
[Site "Calgary CAN"]
[Date "2010.10.10"]
[Round "4.5"]
[White "Haessel, Dale"]
[Black "Pivovarov, Juraj"]
[Result "1-0"]
[WhiteElo "2285"]
[BlackElo "2017"]
[PlyCount "59"]
[EventDate "2010.10.09"]
[EventType "swiss"]
[EventRounds "6"]
[EventCountry "CAN"]

1. d4 f5 2. Nf3 Nf6 3. c4 e6 4. Qc2 Be7 5. g3 O-O 6. Bg2 d6 7. b3 Nbd7 8. Bb2
Ne4 9. O-O Ndf6 10. Ne1 Qe8 11. Nd3 Qh5 12. Nf4 Qh6 13. Bc1 g5 14. Nd3 Ng4 15.
h3 Ngxf2 16. Rxf2 Nxf2 17. Nxf2 e5 18. Bb2 e4 19. Nc3 c6 20. d5 e3 21. Nd3 c5
22. Rf1 f4 23. g4 Qh4 24. Ne4 Kf7 25. Qc3 Rg8 26. Nxd6+ Bxd6 27. Qf6+ Ke8 28.
Qxd6 Bxg4 29. hxg4 Qxg4 30. Bf6 1-0

[Event "Alberta op"]
[Site "Calgary CAN"]
[Date "2010.10.10"]
[Round "4.6"]
[White "Daniluk, Jim"]
[Black "Robichaud, Martin"]
[Result "1-0"]
[WhiteElo "2064"]
[BlackElo "2267"]
[PlyCount "84"]
[EventDate "2010.10.09"]
[EventType "swiss"]
[EventRounds "6"]
[EventCountry "CAN"]

1. d4 d6 2. Nf3 g6 3. c4 Bg7 4. g3 Nd7 5. Bg2 e5 6. Nc3 Ne7 7. h4 exd4 8. Nxd4
Ne5 9. h5 c6 10. h6 Bf8 11. Ne4 Ng8 12. Bf4 Nf6 13. Bxe5 dxe5 14. Nxc6 bxc6 15.
Qxd8+ Kxd8 16. Nxf6 Bb4+ 17. Kf1 Kc7 18. a3 Be7 19. Ne4 f5 20. Nc3 Be6 21. Rc1
Rab8 22. b4 e4 23. Nd5+ cxd5 24. cxd5+ Kd6 25. dxe6 Rhc8 26. Rxc8 Rxc8 27. f4
Rc3 28. g4 Rxa3 29. gxf5 gxf5 30. Rh5 a5 31. Rxf5 axb4 32. Bxe4 Ra4 33. Kg2
Kxe6 34. Re5+ Kf7 35. Bxh7 Ra8 36. Be4 Rb8 37. Bd5+ Kg6 38. Re6+ Bf6 39. e4 b3
40. Bxb3 Rxb3 41. e5 Kxh6 42. Rxf6+ Kh5 1-0

[Event "Alberta op"]
[Site "Calgary CAN"]
[Date "2010.10.10"]
[Round "4.7"]
[White "Ristovic, Nenad"]
[Black "Razzaq, Ali"]
[Result "1-0"]
[WhiteElo "2252"]
[BlackElo "2017"]
[PlyCount "57"]
[EventDate "2010.10.09"]
[EventType "swiss"]
[EventRounds "6"]
[EventCountry "CAN"]

1. d4 Nf6 2. c4 e6 3. Nc3 d5 4. cxd5 exd5 5. Bg5 Be7 6. e3 O-O 7. Bd3 c6 8. Qc2
h6 9. Bf4 Nbd7 10. h3 b6 11. Nf3 Bb7 12. Rc1 Re8 13. O-O Bf8 14. Rfd1 Bd6 15.
Ne5 Rc8 16. Qa4 a6 17. b4 a5 18. b5 Nxe5 19. Bxe5 Nd7 20. Bf5 g6 21. Bf6 Nxf6
22. Bxc8 Qxc8 23. bxc6 Bxc6 24. Qb3 Qb7 25. a4 Rb8 26. Rc2 Qd7 27. Rdc1 b5 28.
axb5 Bxb5 29. Rb2 1-0

[Event "Alberta op"]
[Site "Calgary CAN"]
[Date "2010.10.11"]
[Round "5.2"]
[White "MacKinnon, Keith"]
[Black "Perron, Sean"]
[Result "1/2-1/2"]
[WhiteElo "2318"]
[BlackElo "2094"]
[PlyCount "55"]
[EventDate "2010.10.09"]
[EventType "swiss"]
[EventRounds "6"]
[EventCountry "CAN"]

1. e4 e6 2. d4 d5 3. Nd2 Nf6 4. e5 Nfd7 5. c3 c5 6. Bd3 Nc6 7. Ngf3 cxd4 8.
cxd4 f6 9. exf6 Nxf6 10. O-O Bd6 11. Nb3 O-O 12. Re1 Qc7 13. Bg5 Bd7 14. Rc1
Rae8 15. Ne5 Re7 16. Re3 Qb8 17. Bxh7+ Kxh7 18. Rh3+ Kg8 19. Ng6 Ree8 20. Rcc3
e5 21. Rh8+ Kf7 22. Nxf8 Rxf8 23. Rxf8+ Bxf8 24. Bxf6 gxf6 25. Qh5+ Ke6 26.
dxe5 fxe5 27. Qg6+ Ke7 28. Rf3 1/2-1/2

[Event "Alberta op"]
[Site "Calgary CAN"]
[Date "2010.10.11"]
[Round "5.5"]
[White "Pedersen, Rick"]
[Black "Ristovic, Nenad"]
[Result "0-1"]
[WhiteElo "1969"]
[BlackElo "2252"]
[PlyCount "54"]
[EventDate "2010.10.09"]
[EventType "swiss"]
[EventRounds "6"]
[EventCountry "CAN"]

1. e4 e6 2. d4 d5 3. e5 c5 4. c3 Qb6 5. Nf3 Bd7 6. a3 a5 7. b3 Bb5 8. c4 Bc6 9.
Be3 a4 10. dxc5 Qxb3 11. Nbd2 Qxd1+ 12. Rxd1 Nd7 13. cxd5 exd5 14. e6 fxe6 15.
Nd4 Nxc5 16. N2f3 Nf6 17. Bb5 Bxb5 18. Nxb5 Ra5 19. Nc7+ Kd7 20. Bd2 Nd3+ 21.
Ke2 Rc5 22. Nxe6 Kxe6 23. Kxd3 Ne4 24. Rhe1 Kf6 25. Re2 Rc4 26. Rb1 Nc5+ 27.
Ke3 Re4# 0-1

[Event "Alberta op"]
[Site "Calgary CAN"]
[Date "2010.10.11"]
[Round "5.6"]
[White "Neven, Knut"]
[Black "Daniluk, Jim"]
[Result "1/2-1/2"]
[WhiteElo "2244"]
[BlackElo "2064"]
[PlyCount "77"]
[EventDate "2010.10.09"]
[EventType "swiss"]
[EventRounds "6"]
[EventCountry "CAN"]

1. e4 c5 2. Nf3 Nc6 3. Bb5 g6 4. O-O Bg7 5. c3 e5 6. d3 a6 7. Bxc6 dxc6 8. Be3
b6 9. Na3 Qc7 10. b4 cxb4 11. cxb4 Bg4 12. Rc1 Ne7 13. Nc4 Nc8 14. h3 Bxf3 15.
Qxf3 O-O 16. Qg3 a5 17. bxa5 b5 18. Nd2 Rxa5 19. d4 Qd7 20. dxe5 Rxa2 21. Rfd1
Qe6 22. f4 f6 23. exf6 Bxf6 24. e5 Be7 25. Qf3 Qd5 26. Rxc6 Qxf3 27. Nxf3 b4
28. Rb1 Rd8 29. Rc7 Re2 30. Bf2 Bf8 31. Ng5 Rdd2 32. Rf1 Ne7 33. Nf3 Ra2 34.
Nd4 Reb2 35. Rd7 Nf5 36. Nxf5 gxf5 37. e6 Re2 38. Re1 Rxf2 39. e7 1/2-1/2

[Event "Alberta op"]
[Site "Calgary CAN"]
[Date "2010.10.11"]
[Round "5.7"]
[White "Gardner, Robert"]
[Black "Tam, Eric"]
[Result "0-1"]
[WhiteElo "2345"]
[BlackElo "2050"]
[PlyCount "63"]
[EventDate "2010.10.09"]
[EventType "swiss"]
[EventRounds "6"]
[EventCountry "CAN"]

1. d4 d5 2. c4 e6 3. Nc3 Be7 4. Bf4 Nf6 5. h3 O-O 6. e3 c5 7. Nf3 Nc6 8. Ne5
Qa5 9. Bd3 cxd4 10. Nxc6 bxc6 11. exd4 c5 12. Bd2 dxc4 13. Nd5 Qd8 14. Nxe7+
Qxe7 15. Bxc4 cxd4 16. O-O Bb7 17. Bg5 Qc5 18. Bxf6 gxf6 19. Rc1 Qg5 20. g4 Qf4
21. Qb3 Bf3 22. Rfe1 Rab8 23. Qa3 h5 24. Bf1 hxg4 25. Bg2 e5 26. hxg4 e4 27.
Bh3 Kg7 28. Rc5 Rh8 29. Rh5 Rxh5 30. gxh5 Rb5 31. h6+ Qxh6 32. Kh2 0-1

[Event "Alberta op"]
[Site "Calgary CAN"]
[Date "2010.10.11"]
[Round "6.3"]
[White "Haessel, Dale"]
[Black "Yearwood, Roy"]
[Result "0-1"]
[WhiteElo "2285"]
[BlackElo "2144"]
[PlyCount "96"]
[EventDate "2010.10.09"]
[EventType "swiss"]
[EventRounds "6"]
[EventCountry "CAN"]

1. d4 d5 2. c4 Nc6 3. Nc3 Nf6 4. Nf3 e6 5. Bg5 Bb4 6. e3 h6 7. cxd5 exd5 8.
Bxf6 Qxf6 9. Qb3 Be6 10. Bb5 Bxc3+ 11. Qxc3 Bd7 12. O-O O-O 13. Rfc1 Rfe8 14.
Ne5 Nxe5 15. dxe5 Qe6 16. Bxd7 Qxd7 17. Qxc7 Qf5 18. Qxb7 Rab8 19. Qxd5 Rxb2
20. f4 Re7 21. Rd1 Rc7 22. Rac1 Rcc2 23. Rxc2 Qxc2 24. Qd8+ Kh7 25. Qd3+ Qxd3
26. Rxd3 Rxa2 27. Rd7 Kg8 28. h3 h5 29. Kh2 h4 30. Rd8+ Kh7 31. Rf8 Kg6 32. e4
Re2 33. f5+ Kh6 34. Rxf7 Rxe4 35. e6 Kg5 36. e7 a5 37. Rxg7+ Kxf5 38. Rg4 Rxe7
39. Rxh4 Re5 40. Rc4 Rb5 41. Ra4 Kg5 42. h4+ Kg6 43. Kh3 Kh6 44. g4 Rb3+ 45.
Kg2 Rb4 46. Kh2 Rb5 47. Ra3 Rb4 48. Kg2 a4 0-1

[Event "Alberta op"]
[Site "Calgary CAN"]
[Date "2010.10.11"]
[Round "6.4"]
[White "Tam, Eric"]
[Black "Neven, Knut"]
[Result "0-1"]
[WhiteElo "2050"]
[BlackElo "2244"]
[PlyCount "52"]
[EventDate "2010.10.09"]
[EventType "swiss"]
[EventRounds "6"]
[EventCountry "CAN"]

1. e4 e6 2. d4 d5 3. Nc3 Bb4 4. exd5 exd5 5. Bd3 Nc6 6. Nf3 Nge7 7. a3 Bxc3+ 8.
bxc3 Bg4 9. Rb1 b6 10. O-O Qd6 11. Re1 O-O-O 12. h3 Bh5 13. Be2 f6 14. Qd3 g5
15. Qa6+ Kb8 16. Be3 Bg6 17. c4 dxc4 18. Qxc4 h5 19. Nh2 g4 20. h4 Nxd4 21.
Bxd4 Qxd4 22. Qb3 Qc5 23. Qg3 Nf5 24. Qf4 Rd4 25. Qc1 g3 26. Rb5 gxf2+ 0-1

[Event "Alberta op"]
[Site "Calgary CAN"]
[Date "2010.10.11"]
[Round "6.5"]
[White "Daniluk, Jim"]
[Black "Yam, Alex"]
[Result "0-1"]
[WhiteElo "2064"]
[BlackElo "2237"]
[PlyCount "64"]
[EventDate "2010.10.09"]
[EventType "swiss"]
[EventRounds "6"]
[EventCountry "CAN"]

1. d4 Nf6 2. c4 e6 3. g3 c5 4. d5 exd5 5. cxd5 b5 6. e4 Qe7 7. Bg2 d6 8. Nc3 a6
9. Qe2 Nbd7 10. f4 b4 11. e5 bxc3 12. exf6 cxb2 13. Bxb2 Nxf6 14. Bxf6 gxf6 15.
Rb1 Kd7 16. Rb6 Kc7 17. Rc6+ Kb7 18. Kf2 Qxe2+ 19. Nxe2 Rb8 20. Nc3 Be7 21. Re1
Re8 22. Bf1 Ka7 23. Ne4 Bf8 24. Nxd6 Rb2+ 25. Re2 Rexe2+ 26. Bxe2 Bg4 27. Nc8+
Kb7 28. Rb6+ Rxb6 29. Nxb6 Bxe2 30. Nd7 Be7 31. d6 Bxd6 32. Kxe2 Be7 0-1

[Event "Alberta op"]
[Site "Calgary CAN"]
[Date "2010.10.11"]
[Round "6.6"]
[White "Perron, Sean"]
[Black "Karmali, Hafiz"]
[Result "0-1"]
[WhiteElo "2094"]
[BlackElo "2074"]
[PlyCount "44"]
[EventDate "2010.10.09"]
[EventType "swiss"]
[EventRounds "6"]
[EventCountry "CAN"]

1. e4 Nf6 2. Nc3 d5 3. d4 dxe4 4. f3 exf3 5. Nxf3 Bg4 6. Bc4 e6 7. O-O Nc6 8.
Be3 Bd6 9. Qe1 O-O 10. Qh4 Be7 11. Rae1 Bxf3 12. Rxf3 Nd5 13. Qh5 Nxe3 14.
Rexe3 Qxd4 15. Rh3 h6 16. Bd3 f5 17. Kh1 Bc5 18. Re1 Ne5 19. Rh4 Ng4 20. g3 Be7
21. Nb5 Qd5+ 22. Kg1 Bc5+ 0-1

[Event "Alberta op"]
[Site "Calgary CAN"]
[Date "2010.10.11"]
[Round "6.7"]
[White "Wang, Yuekai"]
[Black "Wen, Jean-Francois"]
[Result "1/2-1/2"]
[WhiteElo "1945"]
[BlackElo "2172"]
[PlyCount "75"]
[EventDate "2010.10.09"]
[EventType "swiss"]
[EventRounds "6"]
[EventCountry "CAN"]

1. e4 e6 2. d4 d5 3. Nd2 c5 4. c3 cxd4 5. cxd4 dxe4 6. Nxe4 Bb4+ 7. Bd2 Qxd4 8.
Nc3 Nc6 9. Nf3 Qd8 10. Qc2 Nf6 11. O-O-O Bd7 12. Ne4 Nxe4 13. Qxe4 Bxd2+ 14.
Rxd2 Qe7 15. Kb1 O-O-O 16. Be2 f6 17. Rc1 Kb8 18. Qe3 e5 19. Ka1 Be6 20. Bb5
Rxd2 21. Nxd2 Nd4 22. Bd3 Qd7 23. b3 Nc6 24. Bb5 Rc8 25. Ne4 Qd4+ 26. Qxd4 Nxd4
27. Rxc8+ Bxc8 28. Bd3 Kc7 29. Kb2 h6 30. h4 b6 31. Ng3 Kd6 32. Nh5 f5 33. Nxg7
e4 34. Bf1 Ke5 35. Kc3 a5 36. a3 Bd7 37. Nh5 Bb5 38. Bc4 1/2-1/2